Daňové reformy 90.let minulého století v oblasti důchodových daní na příkladu současné ČR

Teoretické aspekty daňových reforiem a analýza základných aspektov z vývoja daňových reforiem na území Českej republiky v 90. rokoch minulého storočia vzhľadom k situácii v 80. rokoch.

Na minha lista:
Detalhes bibliográficos
Autor principal: Jarý, Čestmír
Formato: Capítulo de Livro
Idioma:tcheco
Assuntos:
Tags: Adicionar Tag
Sem tags, seja o primeiro a adicionar uma tag!

MARC

LEADER 00000naa a2200000 4500
001 0205136
005 20231010070632.4
041 0 |a cze 
044 |a SK 
245 1 0 |a Daňové reformy 90.let minulého století v oblasti důchodových daní na příkladu současné ČR  |c Čestmír Jarý 
520 |a Teoretické aspekty daňových reforiem a analýza základných aspektov z vývoja daňových reforiem na území Českej republiky v 90. rokoch minulého storočia vzhľadom k situácii v 80. rokoch. 
610 2 0 |a Česko 
610 2 0 |a reformy daňové 
610 2 0 |a história 
610 2 0 |a zdaňovanie 
610 2 0 |a systémy daňové 
100 1 |a Jarý, Čestmír